ARRUPE JESUIT UNIVERSITY

CORONAVIRUS -STOP THE SPREAD - CLEAN,DISINFECT,COVER

Black Mamba rising : (Record no. 129102)

MARC details
000 -LEADER
fixed length control field 01078nam a2200313 a 4500
001 - CONTROL NUMBER
control field 539542
003 - CONTROL NUMBER IDENTIFIER
control field ARRUPE
005 - DATE AND TIME OF LATEST TRANSACTION
control field 20190228141208.0
008 - FIXED-LENGTH DATA ELEMENTS--GENERAL INFORMATION
fixed length control field 870713s1986 sa a 000 0 eng d
010 ## - LIBRARY OF CONGRESS CONTROL NUMBER
LC control number 87155178
015 ## - NATIONAL BIBLIOGRAPHY NUMBER
National bibliography number SA87-18
020 ## - INTERNATIONAL STANDARD BOOK NUMBER
International Standard Book Number 0869805304
035 ## - SYSTEM CONTROL NUMBER
System control number (OCoLC)17687434
040 ## - CATALOGING SOURCE
Original cataloging agency IU
Transcribing agency DLC
Modifying agency DLC
042 ## - AUTHENTICATION CODE
Authentication code lccopycat
050 00 - LIBRARY OF CONGRESS CALL NUMBER
Classification number PR9360.S726
082 04 - DEWEY DECIMAL CLASSIFICATION NUMBER
Classification number 821.08
300 ## - PHYSICAL DESCRIPTION
Other physical details ill. ;
Dimensions 21 cm.
100 1# - MAIN ENTRY--PERSONAL NAME
Personal name Qabula, Alfred Temba.
9 (RLIN) 44904
245 10 - TITLE STATEMENT
Title Black Mamba rising :
Remainder of title South African worker poets in struggle /
Statement of responsibility, etc Alfred Temba Qabula, Mi S'dumo Hlatshwayo, Nise Malange ; edited by Ari Sitas.
260 ## - PUBLICATION, DISTRIBUTION, ETC. (IMPRINT)
Place of publication, distribution, etc Dalbridge, Durban :
Name of publisher, distributor, etc Worker Resistance and Culture Publications,
Date of publication, distribution, etc c1986.
300 ## - PHYSICAL DESCRIPTION
Extent v, 75 p. :
500 ## - GENERAL NOTE
General note Poems.
700 1# - ADDED ENTRY--PERSONAL NAME
Personal name Hlatshwayo, Mi S'dumo.
9 (RLIN) 44905
700 1# - ADDED ENTRY--PERSONAL NAME
Personal name Malange, Nise.
9 (RLIN) 44906
700 1# - ADDED ENTRY--PERSONAL NAME
Personal name Sitas, Ari.
9 (RLIN) 35375
906 ## - LOCAL DATA ELEMENT F, LDF (RLIN)
a 7
b cbc
c copycat
d 3
e ncip
f 19
g y-gencatlg
942 ## - ADDED ENTRY ELEMENTS (KOHA)
Source of classification or shelving scheme Library of Congress Classification
Koha item type Monograph ( Printed materials)
Holdings
Withdrawn status Lost status Source of classification or shelving scheme Damaged status Not for loan Home library Current library Date acquired Total Checkouts Full call number Barcode Date last seen Price effective from Koha item type
    Library of Congress Classification     ARRUPE LIBRARY ARRUPE LIBRARY 28/02/2019   PR9360.S726 46600003810 28/02/2019 28/02/2019 Monograph ( Printed materials)

 

Arrupe Library. PO Box MP320 Mt Pleasant, Harare, Zimbabwe
263 242 745411|librarian@aju.ac.zw